| 000 | 00854nam0a22002411 4500 | ||
|---|---|---|---|
| 001 | rc\2710071 | ||
| 005 | 20250529122443.0 | ||
| 035 | _a(NLR Aleph) 006838011 | ||
| 090 |
_a6615538 _c6615538 |
||
| 100 | _a20110915d1934 |||y0rusy50 ca | ||
| 101 | 0 | _arus | |
| 102 | _aRU | ||
| 105 | _ac z ||||| | ||
| 200 | 1 |
_aТатарская художественная литература _eДоклад на 1 Всес. съезде сов. писателей _fК. Наджми |
|
| 210 |
_a[Москва] _cХуд. лит-ра _d1934 _g16 тип. треста "Полиграфкнига" |
||
| 215 |
_aОбл., 27 с. _cпортр. _d20х13 см. |
||
| 700 | 1 |
_aНаджми _bК.Г. _f1901-1957 _gКави Гибятович |
|
| 801 | 0 |
_aRU _bNLR _gpsbo |
|
| 801 | 1 |
_aRU _bELAR _2rusmarc |
|
| 852 |
_aNLR _j34-9/4500 |
||
| 942 | _cBOOK | ||
| 980 | _aNB | ||